All Green Day Songs - Statistics

General Stats
  • This quiz has been taken 437 times
  • The average score is 104 of 238
Answer Stats
Albums Answer % Correct
American Idiot (Deluxe) American Idiot
91%
Basket Case
90%
She
89%
Boulevard of Broken Dreams
86%
Holiday
86%
Jesus of Suburbia
86%
Warning Warning
83%
Welcome to Paradise
82%
St. Jimmy
80%
Wake Me Up When September Ends
80%
Good Riddance (Time of Your Life)
79%
21 Guns
78%
Longview
78%
Brain Stew
76%
Dookie (Deluxe) Burnout
76%
She's a Rebel
76%
Homecoming
75%
When I Come Around
75%
Whatsername
74%
Give Me Novacaine
73%
Revolution Radio
73%
21st Century Breakdown
72%
Minority
72%
Letterbomb
71%
Waiting
71%
Father of All... Father of All...
70%
Are We the Waiting
69%
Hitchin' a Ride
68%
Macy's Day Parade
68%
All By Myself
67%
Extraordinary Girl
67%
F.O.D.
67%
Kerplunk 2000 Light Years Away
64%
Chump
63%
Having A Blast
63%
Nimrod (Deluxe) Nice Guys Finish Last
63%
Saviors The American Dream Is Killing Me
63%
Jaded
61%
Know Your Enemy
61%
Sassafras Roots
61%
86
60%
Bobby Sox
60%
Coming Clean
60%
Saviors
60%
In The End
59%
Bang Bang
58%
Green Day
58%
Platypus (I Hate You)
58%
Geek Stink Breath
57%
Pulling Teeth
57%
¡Viva La Gloria!
57%
¿Viva La Gloria? (Little Girl)
57%
Walking Contradiction
57%
1039/Smoothed Out Slappy Hours At the Library
56%
Emenius Sleepus
56%
King for a Day
56%
Kill the DJ
55%
Oh Love
55%
Blood, Sex and Booze
54%
¡UNO! Nuclear Family
54%
The Grouch
54%
Dilemma
53%
Redundant
53%
21st Century Breakdown Song of the Century
53%
Christie Road
52%
Last Night on Earth
52%
Misery
52%
Rest
52%
80
51%
Church on Sunday
51%
Scattered
51%
Going to Pasalacqua
50%
16
49%
Castaway
49%
East Jesus Nowhere
49%
Governator
49%
Jackass
49%
One Eyed Bastard
49%
Insomniac Armatage Shanks
48%
Brat
48%
Deadbeat Holiday
48%
Jinx
48%
Prosthetic Head
48%
Still Breathing
48%
Haushinka
47%
J.A.R. (Jason Andrew Relva)
47%
Before the Lobotomy
46%
Fuck Time
46%
Shoplifter
46%
Stuck with Me
46%
American Eulogy: Mass Hysteria / Modern World
45%
Christian's Inferno
45%
Ha Ha You're Dead
45%
Look Ma, No Brains!
45%
My Generation
45%
Panic Song
45%
Stray Heart
45%
Worry Rock
45%
Bab's Uvula Who?
44%
Fashion Victim
44%
Last Ride In
44%
Nightlife
44%
One for the Razorbacks
44%
Ordinary World
44%
Dominated Love Slave
43%
Hold On
43%
Last of the American Girls
43%
International Superhits! Maria
43%
Paper Lanterns
43%
Disappearing Boy
42%
See the Light
42%
Suzie Chapstick
42%
The Judges Daughter
42%
All the Time
41%
Amy
41%
Android
41%
Don't Leave Me
41%
I Was There
41%
Poprocks & Coke
41%
1981
40%
409 In Your Coffee Maker
40%
God's Favorite Band Back in the USA
40%
Father to a Son
40%
Horseshoes and Handgrenades
40%
Murder City
40%
Peacemaker
40%
Reject
40%
Take Back
40%
Walking Alone
40%
Westbound Sign
40%
Fire, Ready, Aim
39%
Meet Me on the roof
39%
Oh Yeah!
39%
One Of My lies
39%
Sweet Children
39%
Too Much Too Soon
39%
X-Kid
39%
1000 Hours
38%
Dry Ice
38%
Graffitia
38%
Let Yourself Go
38%
No One Knows
38%
Stuart and the Ave.
38%
Sweet 16
38%
The Static Age
38%
Tight Wad Hill
38%
Uptight
38%
¡TRE! Brutal Love
37%
Stay the Night
37%
Who Wrote Holden Caulfield?
37%
Fancy Sauce
36%
99 Revolutions
35%
Amanda
35%
Corvette Summer
35%
Lazy Bones
35%
Private Ale
35%
Restless Heart Syndrome
35%
Why Do You Want Him ?
35%
Youngblood
35%
I Was a Teenage Teenager
34%
Revolution Radio Somewhere Now
34%
Strangeland
34%
Best Thing In Town
33%
Carpe Diem
33%
Forever Now
33%
Knowledge
33%
The Forgotten
33%
Too Dumb To Die
33%
A Little Boy Named Train
32%
Goodnight Adeline
32%
No Pride
32%
Outlaws
32%
Stop When The Red Lights Flash
32%
Words I Might Have Ate
32%
Angel Blue
31%
Ashley
31%
Sex, Drugs and Violence
31%
Troublemaker
31%
I Want To Be Alone
30%
Lady Cobra
30%
Road to Acceptance
30%
Rusty James
30%
Say Goodbye
30%
Take the Money and Crawl
30%
Bouncing off the Wall
29%
Coma City
29%
Dirty Rotten Bastards
29%
Junkies on a High
29%
Living in the 20's
29%
Only of You
29%
Strange Days Are Here To Stay
29%
Desensitized
28%
Makeout Party
28%
¡DOS! See You Tonight
28%
Sugar Youth
28%
Troubled Times
28%
Drama Queen
27%
Espionage
27%
Fell for You
27%
Missing You
27%
Stab You in the Heart
27%
I Want To Be On T.V.
26%
Wow! That's Loud
26%
8th Avenue Serenade
25%
Do Da Da
24%
On the Wagon
24%
Wild One
24%
Shenanigans Suffocate
23%
The One I Want
23%
You Lied
23%
Baby Eyes
22%
Loss of Control
22%
Rotting
21%
Walk Away
21%
Don't Wanna Fall In Love
20%
Tired of Waiting for You
20%
When It's Time
20%
Black Eyeliner
19%
Outsider
19%
Scumbag
19%
Tre Polka
17%
Alison
15%
Walking the Dog
15%
Sick of Me
14%
Working Class Hero
14%
You Irritate Me
14%
Singles Holy Toledo!
13%
Place Inside My Head
13%
Polyanna
12%
Chain Saw
10%
Dreaming
8%
Xmas Time of the Year
7%
No matching quizzes found
Score Distribution
Percent of People with Each Score
Percentile by Number Answered
Your Score History
You have not taken this quiz